Μηχανουργική Τεχνολογία / Διαμόρφωση με Αποβολή Υλικού - Χύτευση - Συγκόλληση και Πλαστική Παραμόρφωση (Record no. 3711)
[ view plain ]
| 000 -LEADER | |
|---|---|
| fixed length control field | 02029cam a22002174a 4500 |
| 005 - ΗΜΕΡΟΜΗΝΙΑ ΚΑΙ ΩΡΑ ΤΕΛΕΥΤΑΙΑΣ ΕΝΗΜΕΡΩΣΗΣ | |
| Πεδίο ελέγχου | 20250605164123.0 |
| 008 - FIXED-LENGTH DATA ELEMENTS--GENERAL INFORMATION | |
| Πεδίο ελέγχου σταθερού μήκους | 250528s ||||||||||||||||||||||||d |
| 035 ## - SYSTEM CONTROL NUMBER | |
| System control number | 18348 |
| 020 ## - ISBN | |
| ISBN | 9601613668 |
| 040 ## - ΠΗΓΗ ΚΑΤΑΛΟΓΟΓΡΑΦΗΣΗΣ | |
| Φορέας πρωτότυπης καταλογογράφησης | MC Athens Campus Library |
| Γλώσσα καταλογογράφησης | Ελληνικά, Μοντέρνα (1453-) |
| Modifying agency | MC Athens Campus Library |
| Κανόνες περιγραφικής καταλογογράφησης | AACR2 |
| 245 1# - ΤΙΤΛΟΣ ΚΑΙ ΔΗΛΩΣΗ ΥΠΕΥΘΥΝΟΤΗΤΑΣ | |
| Τίτλος | Μηχανουργική Τεχνολογία / Διαμόρφωση με Αποβολή Υλικού - Χύτευση - Συγκόλληση και Πλαστική Παραμόρφωση |
| 250 ## - EDITION STATEMENT | |
| Edition statement | 1η |
| 260 ## - PUBLICATION, DISTRIBUTION, ETC. | |
| Name of publisher, distributor, etc. | Πατάκη, |
| Date of publication, distribution, etc. | 2005 |
| 300 ## - PHYSICAL DESCRIPTION | |
| Extent | 248 |
| 520 ## - SUMMARY, ETC. | |
| Summary, etc. | Βασικές Αρχές Μεταλλογνωσίας, Χύτευση, Συμβατικές Κατεργασίες Αποβολής Υλικού, Κοπή σε Πλάνη - Τόρνο - Δράπανο, Κοπή σε Φρέζα και Λειαντικά Μηχανήματα - Τραχύτητα Επιφάνειας, Εισαγωγή στις Συγκολλήσεις - Συγκόλληση με Επικαλυμμένο Ηλεκτρόδιο, Θερμικά και Μεταλλουργικά Φαινόμενα κατά τη Συγκόλληση, Εφαρμοζόμενες Μέθοδοι Διεξαγωγής και Ελέγχου Συγκολλήσεων, Εισαγωγή στις Διαμορφώσεις με Πλαστική Παραμόρφωση, Διαμόρφωση Ελάσματος, Διαμόρφωση Συμπαγούς Υλικού, Μη Συμβατικές Κατεργασίες, Εργαστηριακές Ασκήσεις Μηχανολογικού Εργαστηρίου, Ενδεικτικά Τέστ Αξιολόγησης Εργαστηριακών Ασκήσεων Μηχανολογικού Εργαστηρίου, Ενδεικτικά Τλεστ Αξιολόγησης Εργαστηριακών Ασκήσεων Μηχανουργικής Τεχνολογίας, Βιβλιογραφία. |
| 700 1# - ΠΡΟΣΘΕΤΗ ΑΝΑΓΡΑΦΗ--ΦΥΣΙΚΟ ΠΡΟΣΩΠΟ | |
| Personal name | Δημοσθένους Γ.Α |
| 9 (RLIN) | 4622 |
| 700 1# - ΠΡΟΣΘΕΤΗ ΑΝΑΓΡΑΦΗ--ΦΥΣΙΚΟ ΠΡΟΣΩΠΟ | |
| Personal name | Μπαλντούκας Αντώνιος Κ |
| 9 (RLIN) | 4623 |
| 942 ## - ADDED ENTRY ELEMENTS (KOHA) | |
| Koha item type | Books |
| Τύπος τεκμηρίου | Βιβλιοθήκη | Τρέχουσα τοποθεσία | Barcode | Αριθμός εισαγωγής | Ημερομηνία απόκτησης | Ταξιθετικό σύμβολο | Αριθμός αντιτύπου | Κατάσταση απόσυρσης | Κατάσταση χαμένου | Κατάσταση κατεστραμμένου | Μη δανεισμός | Σύνολο δανεισμών | Ημερομηνία τελευταίας εμφάνισης | Η τιμή ισχύει από |
|---|---|---|---|---|---|---|---|---|---|---|---|---|---|---|
| Books | MC Athens Campus Library | MC Athens Campus Library | 9780000037107 | 2971 | 05/06/2025 | 621.9 BAL | 2 | 05/06/2025 | 05/06/2025 |